| Tag |
First Indicator |
Second Indicator |
Subfields |
| LEADER |
00000cam a2200000 i 4500 |
| 001 |
in00005525721 |
| 006 |
m o d |
| 007 |
cr |n||||||||| |
| 008 |
180216s2017 flu gob 001 0 eng d |
| 005 |
20241108170010.2 |
| 035 |
|
|
|a (OCoLC)on1023083932
|
| 040 |
|
|
|a YDX
|b eng
|e rda
|e pn
|c YDX
|d N$T
|d OCLCF
|d OCLCQ
|d UKAHL
|d YDXIT
|d AFU
|d K6U
|d OCLCO
|d OCLCQ
|d OCLCO
|d OCLCQ
|d SFB
|d OCLCQ
|d OCLCO
|d OCLCL
|
| 019 |
|
|
|a 1031950086
|a 1032027480
|a 1032187627
|
| 020 |
|
|
|a 9781351410021
|q (electronic book)
|
| 020 |
|
|
|a 1351410024
|q (electronic book)
|
| 020 |
|
|
|a 9780203736487
|q (electronic book)
|
| 020 |
|
|
|a 0203736486
|q (electronic book)
|
| 020 |
|
|
|z 113843454X
|q (print)
|
| 020 |
|
|
|z 9781138434547
|q (print)
|
| 035 |
|
|
|a (OCoLC)1023083932
|z (OCoLC)1031950086
|z (OCoLC)1032027480
|z (OCoLC)1032187627
|
| 050 |
|
4 |
|a TP156.A35
|b B37 2017
|
| 072 |
|
7 |
|a SCI
|x 013060
|2 bisacsh
|
| 072 |
|
7 |
|a TEC
|x 009010
|2 bisacsh
|
| 082 |
0 |
4 |
|a 660/.293
|2 23
|
| 049 |
|
|
|a TXAM
|
| 100 |
1 |
|
|a Basmadjian, Diran,
|e author.
|
| 245 |
1 |
4 |
|a The little adsorption book :
|b a practical guide for engineers and scientists /
|c Diran Basmadjian.
|
| 264 |
|
1 |
|a Boca Raton, FL :
|b CRC Press,
|c 2017.
|
| 300 |
|
|
|a 1 online resource (viii, 138 pages)
|
| 336 |
|
|
|a text
|b txt
|2 rdacontent
|
| 337 |
|
|
|a computer
|b c
|2 rdamedia
|
| 338 |
|
|
|a online resource
|b cr
|2 rdacarrier
|
| 504 |
|
|
|a Includes bibliographical references and index.
|
| 588 |
0 |
|
|a Online resource; title from digital title page (viewed on July 04, 2019).
|
| 650 |
|
0 |
|a Adsorption.
|
| 650 |
|
2 |
|a Adsorption
|
| 650 |
|
6 |
|a Adsorption.
|
| 650 |
|
7 |
|a adsorption.
|2 aat
|
| 650 |
|
7 |
|a SCIENCE
|x Chemistry
|x Industrial & Technical.
|2 bisacsh
|
| 650 |
|
7 |
|a TECHNOLOGY & ENGINEERING
|x Chemical & Biochemical.
|2 bisacsh
|
| 650 |
|
7 |
|a Adsorption
|2 fast
|
| 655 |
|
7 |
|a Electronic books.
|2 local
|
| 710 |
2 |
|
|a Taylor & Francis.
|
| 758 |
|
|
|i has work:
|a The little adsorption book (Text)
|1 https://id.oclc.org/worldcat/entity/E39PCG4d3mJ8vCR3xkvYvmwQv3
|4 https://id.oclc.org/worldcat/ontology/hasWork
|
| 856 |
4 |
0 |
|u http://proxy.library.tamu.edu/login?url=https://www.taylorfrancis.com/books/9780203736487
|z Connect to the full text of this electronic book
|t 0
|
| 955 |
|
|
|a Taylor and Francis ENGnetBASE
|
| 994 |
|
|
|a 92
|b TXA
|
| 999 |
f |
f |
|s aae5c2ad-8308-4a79-82ad-5d0b72c3d6bd
|i 3f581142-bd39-4573-92f0-9b203c6014f2
|t 0
|
| 952 |
f |
f |
|a Texas A&M University
|b College Station
|c Electronic Resources
|d Available Online
|t 0
|e TP156.A35 B37 2017
|h Library of Congress classification
|
| 998 |
f |
f |
|a TP156.A35 B37 2017
|t 0
|l Available Online
|